Cassandra - Taylor Swift (All Lyrics) - Statistics

General Stats
  • This quiz has been taken 10 times
  • The average score is 325 of 358
Answer Stats
Lyrics % Correct
a
100%
and
100%
And
100%
believe
100%
but
100%
Cassandra
100%
cassandra
100%
Cause
100%
cause
100%
cell
100%
Do
100%
do
100%
feared
100%
filled
100%
first
100%
I
100%
in
100%
In
100%
kill
100%
killed
100%
me
100%
my
100%
No
100%
no
100%
now?
100%
regret
100%
say
100%
she
100%
snakes
100%
So
100%
so
100%
tell
100%
the
100%
The
100%
they
100%
They
100%
to
100%
tower
100%
town
100%
tried
100%
up
100%
who
100%
with
100%
worst
100%
you
100%
You
100%
all
83%
along
83%
are?
83%
aware
83%
becomes
83%
Bet
83%
Bitch'
83%
bitch'
83%
Blood's
83%
call
83%
can
83%
chorus
83%
comes
83%
crack
83%
daydreams
83%
doesn't
83%
family
83%
for
83%
got
83%
greed
83%
happens
83%
heard
83%
house
83%
if
83%
I'm
83%
into
83%
it
83%
it's
83%
It's
83%
knew
83%
like
83%
line
83%
lose
83%
lost
83%
makes
83%
mark
83%
never
83%
new
83%
nightmares
83%
Not
83%
nothing
83%
of
83%
one
83%
onto
83%
out
83%
Patching
83%
payroll
83%
prayer
83%
quiet
83%
raging
83%
Raging
83%
riot
83%
Riot
83%
said
83%
saying
83%
screaming
83%
Screaming
83%
single
83%
smiles
83%
snarles
83%
something
83%
soul
83%
spared
83%
stone's
83%
streets
83%
that
83%
that's
83%
there's
83%
they're
83%
thick
83%
thrown
83%
time
83%
track
83%
truth
83%
wall
83%
warning
83%
was
83%
weaving
83%
what
83%
What
83%
when
83%
When
83%
where
83%
whole
83%
word
83%
words
83%
'Burn
67%
Christian
67%
flames
67%
life
67%
mourning
67%
placing
67%
pure
67%
set
67%
shrieking
67%
Twisting
67%
pass
50%
patched
50%
No matching quizzes found
Score Distribution
Percent of People with Each Score
Percentile by Number Answered
Your Score History
You have not taken this quiz